| 000 | 00645nam a2200205 i 4500 | ||
|---|---|---|---|
| 001 | 20803 | ||
| 003 | ES-MaACL | ||
| 005 | 20230906152351.0 | ||
| 007 | t| | ||
| 008 | 021118s1972 sp ||||1| spa d | ||
| 100 | 1 |
_aAkehurst, Michael. _919034 |
|
| 245 | 1 | 0 |
_aIntroducción al Derecho internacional / _cMichael Akehurst ; versión... y notas de Manuel Medina Ortega. |
| 260 |
_aMadrid : _bAlianza, _c[1972] |
||
| 300 |
_a434 p. ; _c20 cm. |
||
| 490 | 1 |
_aAlianza universidad ; _v34 |
|
| 700 | 1 |
_aMedina Ortega, Manuel. _979748 |
|
| 830 | 0 |
_aAlianza universidad ; _v34 _9177276 |
|
| 852 |
_aES-MaACL _jC-52946 _bR.86204 |
||
| 999 |
_c20803 _d20803 |
||